01909nam a2200361 a 4500001001200000003000800012006001900020007001500039008004100054010001700095015001900112016001800131020004300149020004000192020001800232040002100250035002100271050002400292082001600316100002200332245006700354260005300421300002600474504006600500505059500566533015201161650001301313650003201326655002901358710001701387856012601404999001701530ebr10320494CaPaEBRm u cr cn|||||||||070413s2007 njua sb 001 0 eng d z 2007015526 aGBA7688002bnb7 z0138290272Uk z9780691114224 (hardcover : alk. paper) z0691114226 (hardcover : alk. paper) z9780691143330 aCaPaEBRcCaPaEBR a(OCoLC)64782941614aHV8593b.R44 2007eb04a364.6/72221 aRejali, Darius M.10aTorture and democracyh[electronic resource] /cDarius Rejali. aPrinceton :bPrinceton University Press,cc2007. axxiii, 849 p. :bill. aIncludes bibliographical references (p. [781]-818) and index.0 aIntroduction -- Modern torture and its observers -- Torture and democracy -- Lights, heat, and sweat -- Whips and water -- Bathtubs -- Shock -- Magnetos -- Currents -- Singing the world electric -- Prods, tasers, and stun guns -- Stun city -- Sticks and bones -- Water, sleep, and spice -- Stress and duress -- Forced standing and other positions -- Fists and exercises -- Old and new restraints -- Noise -- Drugs and doctors -- Supply and demand for clean torture -- Does torture work? -- What the apologists say -- Why governments don't learn -- The great age of torture in modern memory. aElectronic reproduction.bPalo Alto, Calif. :cebrary,d2013.nAvailable via World Wide Web.nAccess may be limited to ebrary affiliated libraries. 0aTorture. 0aTorturexGovernment policy. 7aElectronic books.2local2 aebrary, Inc.40uhttp://site.ebrary.com/lib/rucke/Doc?id=10320494zAn electronic book accessible through the World Wide Web; click to view c60886d60886